Bilecik Bilecik Bilecik Bilecik Bilecik

Eğitim yönetimi kuram ve Türkiye'deki uygulama/ (Record no. 57356)

MARC details
000 -BAŞLIK
Sabit Uzunluktaki Kontrol Alanı 01076nam a22003377a 4500
001 - KONTROL NUMARASI
Control Dosyası 0057551
003 - KONTROL NUMARASI KİMLİĞİ
Kontrol Alanı KOHA_MİRAKIL
005 - EN SON İŞLEM TARİHİ ve ZAMANI
Kontrol Alanı 20260207004124.0
007 - FİZİKSEL TANIM SABİT ALAN - GENEL BİLGİ
Sabit uzunluklu kontrol alanı ta
008 - SABİT UZUNLUKTAKİ VERİ ÖGELERİ - GENEL BİLGİ
Sabit Alan 160509b1999 tu |||gr||||#||||0|tur |
020 ## - ISBN - ULUSLARARASI STANDART KİTAP NUMARASI
Isbn 9755560181
040 ## - KATALOGLAMA KAYNAĞI
Özgün Kataloglama Kurumu TR-BiSEU
Kataloglama Dili tur
Çeviri Kurumu TR-BiSEU
Açıklama Kuralları rda
041 0# - DİL KODU
Metin ya da ses kaydının dil kodu tur
044 ## - YAYINLAYAN/ÜRETEN KURULUŞUN ÜLKE KODU
ISO country code tu
050 ## - SINIFLAMA ve YER NUMARASI
Sınıflama Numarası LB2938
Yer Numarası .K39 1999
100 1# - KİŞİ ADI
Yazar Adı (Kişi adı) Kaya, Yahya Kemal.
245 1# - ESER ADI BİLDİRİMİ
Başlık Eğitim yönetimi kuram ve Türkiye'deki uygulama/
Sorumluluk Bildirimi Yahya Kemal Kaya ; Yahya Kemal Kaya.
264 #1 - ÜRERİM, YAYIN, DAĞITIM ve TELİF BİLDİRİMİ
Yayın yeri Ankara :
Yayınlayan Bilim Yayınları
Yayın tarihi 1999
300 ## - FİZİKSEL TANIMLAMA
Sayfa, Cilt vb. 356 sayfa; 25 cm.
336 ## - İÇERİK TÜRÜ
Content type term metin
Content type code txt
Source rdacontent
337 ## - MEDYA TÜRÜ
Media type term aracısız
Media type code n
Source rdamedia
338 ## - TAŞIYICI TÜRÜ
Carrier type term cilt
Carrier type code nc
Source rdacarrier
490 1# - DİZİ BİLDİRİMİ
Dizi Bildirimi Bilim Yayınları ;
Cilt Numarası 94.
500 ## - GENEL NOT
Genel Not Kaynakça var.
650 #0 - KONU BAŞLIĞI EK GİRİŞ - KONU TERİMİ
Konusal terim veya coğrafi ad Okul yöneticileri--Türkiye.
9 (RLIN) 106625
650 #0 - KONU BAŞLIĞI EK GİRİŞ - KONU TERİMİ
Konusal terim veya coğrafi ad School administrators--Turkey.
9 (RLIN) 10484
650 #0 - KONU BAŞLIĞI EK GİRİŞ - KONU TERİMİ
Konusal terim veya coğrafi ad Okul yönetimi ve organizasyon--Türkiye.
9 (RLIN) 106626
650 #0 - KONU BAŞLIĞI EK GİRİŞ - KONU TERİMİ
Konusal terim veya coğrafi ad School management and organization--Turkey.
9 (RLIN) 10485
830 1# - SERİ EK GİRİŞİ - TEKBİÇİM ESER ADI
Tekbiçim Başlık Bilim Yayınları ;
Volume number/sequential designation 94.
9 (RLIN) 27670
942 ## - EK GİRİŞ ÖGELERİ (KOHA)
Source of classification or shelving scheme Library of Congress Classification
Koha item type Book
Holdings
Materyal Türü Kalıcı Konum Mevcut Konum Raf Yeri Sınıflandırma Kaynağı Edinim Bilgisi Ana Konular Alt Konular Yer Numarası Demirbaş Numarası Fatura Tarihi Geri Çekilme Durumu Kayıp Durumu Hasarlı Durumu Kredi için değil Kayıt Tarih Toplam Ödünçverme Son Görülme Tarihi Son Kontrol Tarihi
Book Prof. Dr. Azmi Özcan Kütüphanesi Prof. Dr. Azmi Özcan Kütüphanesi Uluğbey Salonu Library of Congress Classification Bağış EĞİTİM Eğitim Teorisi ve Uygulaması LB2938 .K39 1999 0057551 02/02/2026         09/05/2016 2 05/12/2024 05/12/2024